| 000 | 00610nam a2200193 a 4500 | ||
|---|---|---|---|
| 005 | 20240208063617.0 | ||
| 008 | 991125s1975 es 000 0 spa u | ||
| 020 | _a8424403622 | ||
| 035 | _aUPN01000054211 | ||
| 049 | _aCG | ||
| 050 | 4 |
_aBF199 _bS5.88 |
|
| 100 | 1 |
_aSkinner, B. F. _q(Burrhus Frederic), _d1904-1990 _930021 |
|
| 245 | 1 | 0 |
_aSobre el conductismo / _cB. F. Skinner ; rev. y pról. Rubén Ardila ; tr. por Fernando Barrera. |
| 260 |
_aBarcelona, Esp. : _bFontanella, _c1975. |
||
| 300 | _a235 p. | ||
| 440 | 0 |
_aConducta humana ; _v22 |
|
| 650 | 4 |
_aConductismo (Psicología) _97930 |
|
| 905 | _aLibro | ||
| 999 |
_c54211 _d54211 |
||